Countries That Have Beaten England At FIFA World Cup - Statistics

General Stats
  • This quiz has been taken 63 times
  • The average score is 19 of 22
Answer Stats
Year Scores Country % Correct
1962 1 - 3 Brazil
95%
1970 0 - 1 Brazil
95%
2002 1 - 2 Brazil
95%
1986 1 - 2 Argentina
93%
1998 (3) - (4) Argentina
93%
2022 1 - 2 France
93%
1990 1 - 2 Italy
93%
2014 1 - 2 Italy
93%
1970 2 - 3 Germany
91%
1990 (3) - (4) Germany
91%
2010 1 - 4 Germany
91%
1950 0 - 1 Spain
91%
1986 0 - 1 Portugal
85%
2006 (1) - (3) Portugal
85%
2018 0 - 1 Belgium
84%
2018 0 - 2 Belgium
84%
1950 0 - 1 United States
84%
1954 2 - 4 Uruguay
84%
2014 1 - 2 Uruguay
84%
1962 1 - 2 Hungary
64%
1958 0 - 1 Soviet Union
55%
1998 1 - 2 Romania
49%
No matching quizzes found
Score Distribution
Percent of People with Each Score
Percentile by Number Answered
Your Score History
You have not taken this quiz